|
|
|
|
| LEADER |
00000nab a2200000 a 4500 |
| 001 |
vtls000313407 |
| 003 |
SK-MaSNL |
| 005 |
20260305003850.0 |
| 008 |
111201c1978 xo 0 slo |
| 015 |
|
|
|a SNBRB19rr/mm-uuuuu
|
| 035 |
|
|
|a CL0003499
|
| 040 |
|
|
|a SNKBUCL
|b slo
|c SNKBUCL
|e AACR2
|
| 041 |
0 |
|
|a slo
|
| 044 |
|
|
|a xo
|c SK
|
| 080 |
|
|
|a 785
|2 1981
|
| 100 |
1 |
|
|a Skřepek, Roman,
|d 1931-2001
|4 aut
|9 250883
|
| 245 |
1 |
0 |
|a Dôstojný večer k výročiu
|b Na koncerte Štátnej filharmónie skladby A. Očenáša, A. Babadžaňana a A. Dvořáka
|c Roman Skřepek
|
| 600 |
1 |
7 |
|a Pešek, Libor,
|d 1933-
|2 snkbucl
|9 22183
|
| 610 |
2 |
7 |
|a Štátna filharmónia Košice
|2 snkbucl
|9 56989
|
| 650 |
0 |
7 |
|a symfonická hudba
|2 snkbucl
|9 68261
|
| 650 |
0 |
7 |
|a Kardošová, Daniela,
|d 1947-
|2 snkbucl
|9 1581075
|
| 650 |
0 |
7 |
|a koncerty
|2 snkbucl
|9 19182
|
| 651 |
|
7 |
|a 5403
|2 snkbucl
|9 893808
|
| 655 |
|
7 |
|a články z novín a časopisov
|2 snkbucl
|9 267496
|
| 773 |
0 |
|
|t Večer
|g Roč. 10, č. 41 (27. 2. 1978), s. 2
|
| 850 |
|
|
|a Slovenská národná knižnica v Martine
|a MTA001
|
| 852 |
|
|
|a SNK
|b KIS3GCP
|
| 958 |
|
|
|a RK
|
| 992 |
|
|
|a RBX
|
| 999 |
|
|
|c 3232852
|d 3234782
|